Cornelii Taciti libri qui supersunt. Tomus prior. Libros ab excessu Divi Augusti continens /

Hlavní autor: Tacitus, Publius Cornelius, asi 55-asi 116
Další autoři: Halm, Karl, 1809-1882
Jazyk: Latina
Vydáno: Lipsiae : In aedibus B.G. Teubneri, 1901
Vydání: Editio stereotypa
Edice: Bibliotheca scriptorum graecorum et romanorum Teubneriana
Fyzický popis: iv, 373 stran ; 19 cm
Knihy
Uloženo v:
LEADER 01195nam a22003137i 4500
001 001734805
003 CZ BrMZK
005 20200311113448.0
007 ta
008 200311s1901 gw er|||||||||||lat d
040 |a BOA001  |b cze  |e rda 
100 1 |a Tacitus, Publius Cornelius,  |d asi 55-asi 116  |7 jn19990008405  |4 aut 
245 1 0 |a Cornelii Taciti libri qui supersunt.  |n Tomus prior.  |p Libros ab excessu Divi Augusti continens /  |c quartum recognovit Carolus Halm 
246 3 0 |a Libros ab excessu Divi Augusti continens 
250 |a Editio stereotypa 
264 1 |a Lipsiae :  |b In aedibus B.G. Teubneri,  |c 1901 
300 |a iv, 373 stran ;  |c 19 cm 
336 |a text  |b txt  |2 rdacontent 
337 |a bez média  |b n  |2 rdamedia 
338 |a svazek  |b nc  |2 rdacarrier 
490 1 |a Bibliotheca scriptorum graecorum et romanorum Teubneriana 
504 |a Obsahuje bibliografické odkazy 
700 1 |a Halm, Karl,  |d 1809-1882  |7 jcu2010565168  |4 edt 
830 0 |a Bibliotheca scriptorum graecorum et romanorum Teubneriana 
910 |a BOA001  |b OB1-0114.688,1 
990 |a BK 
993 |a Y 
991 |b 202003 
996 6 |b 2618837694  |c OB1-0114.688,1  |l MZK  |r Sklad / do 24 hodin  |n 0  |w 001786810  |u 000010  |a 1  |e BOA001  |j MZK50  |s P